[Event "Biel ATO 57th"]
[Site "Biel"]
[Date "2024.07.24"]
[Round "8"]
[White "Hofer, Friedrich"]
[Black "Moon, Sunwoong"]
[Result "1-0"]
[WhiteElo "1798"]
[BlackElo "1631"]
[PlyCount "121"]
[EventDate "2024.07.16"]
[EventType "swiss"]
[EventRounds "9"]
[EventCountry "SUI"]
[SourceTitle "EXT 2025"]
[Source "ChessBase"]
[SourceDate "2024.10.14"]
[SourceVersion "1"]
[SourceVersionDate "2024.10.14"]
[SourceQuality "1"]

1. e4 e6 2. d4 d5 3. exd5 exd5 4. Nf3 Nf6 5. Bd3 Bd6 6. Qe2+ Be7 7. 0-0 0-0 8. c3 Bd6 9. Bg5 c6 10. Qc2 h6 11. Bh4 Nbd7 12. Nbd2 Qc7 13. Bg3 Bxg3 14. hxg3 b5 15. Rfe1 Nb6 16. b3 a5 17. Ne5 a4 18. Rac1 Ng4 19. Ndf3 Nxe5 20. Nxe5 Nd7 21. b4 Nxe5 22. Rxe5 f6 23. Re3 f5 24. Rce1 f4 25. Bh7+ Kh8 26. gxf4 Bg4 27. f3 Bh5 28. Re5 g5 29. Re7 Qxf4 30. Bg8 Qf5 31. Qxf5 Rxf5 32. Be6 Rf6 33. a3 Re8 34. Rxe8+ Bxe8 35. Bxd5 Bg6 36. Re6 Rxe6 37. Bxe6 Be8 38. Kf2 Kg7 39. Ke3 Kf6 40. Bc8 h5 41. g3 Bf7 42. Bd7 Bd5 43. Be8 h4 44. gxh4 gxh4 45. Bd7 Kg5 46. Bh3 Bb3 47. Ke4 Bd5+ 48. Ke3 Bb3 49. f4+ Kf6 50. f5 Bc2 51. Kf4 Bd3 52. Bg2 Bxf5 53. Bxc6 h3 54. Kg3 Bd3 55. Kxh3 Ke6 56. Kg4 Kd6 57. Bf3 Bc4 58. Kf4 Bf1 59. Ke3 Bc4 60. Be2 Kd5 61. Bd3 1-0

[Event "Biel ATO 57th"]
[Site "Biel"]
[Date "2024.07.18"]
[Round "3"]
[White "Juchler, Celine"]
[Black "Hofer, Friedrich"]
[Result "0-1"]
[WhiteElo "1664"]
[BlackElo "1798"]
[PlyCount "106"]
[EventDate "2024.07.16"]
[EventType "swiss"]
[EventRounds "9"]
[EventCountry "SUI"]
[SourceTitle "EXT 2025"]
[Source "ChessBase"]
[SourceDate "2024.10.14"]
[SourceVersion "1"]
[SourceVersionDate "2024.10.14"]
[SourceQuality "1"]

1. e4 e5 2. Nf3 Nc6 3. Bc4 Nf6 4. Ng5 d5 5. exd5 b5 6. Bxb5 Qxd5 7. Bxc6+ Qxc6 8. 0-0 Bb7 9. Nf3 Bd6 10. d3 0-0 11. Nc3 Rad8 12. Bg5 Bc5 13. Qe2 h6 14. Bxf6 Qxf6 15. Qxe5 Qc6 16. Rfe1 Rfe8 17. Qh5 Bd4 18. Rxe8+ Rxe8 19. Qb5 Bf6 20. Qxc6 Bxc6 21. Kf1 Rb8 22. Ne4 Bxe4 23. dxe4 Rxb2 24. e5 Be7 25. Nd4 Bc5 26. c3 Bxd4 27. cxd4 Rd2 28. Rc1 Rxd4 29. Rxc7 Ra4 30. Rc2 Kf8 31. g3 Ke7 32. f4 Ke6 33. Kf2 g5 34. Rc6+ Kd5 35. Rxh6 gxf4 36. Kf3 fxg3 37. hxg3 Rxa2 38. Kf4 Rf2+ 39. Ke3 Rf5 40. Ra6 Rxe5+ 41. Kf4 Re7 42. Ra5+ Kc4 43. Kf5 Kb4 44. Ra1 a5 45. g4 a4 46. g5 a3 47. Rb1+ Kc3 48. Rg1 Re2 49. Rg3+ Kb2 50. Rg4 Rf2+ 51. Ke5 a2 52. Rb4+ Ka3 53. Rb6 a1Q+ 0-1

[Event "Ascona Seniors op 7th"]
[Site "Ascona"]
[Date "2008.11.10"]
[Round "7"]
[White "Hofer, Friedrich"]
[Black "Fleischer, Eugen"]
[Result "0-1"]
[WhiteElo "1914"]
[BlackElo "2030"]
[PlyCount "90"]
[EventDate "2008.11.03"]
[EventType "swiss"]
[EventRounds "9"]
[EventCountry "SUI"]
[SourceTitle "EXT 2022"]
[Source "ChessBase"]
[SourceDate "2021.10.06"]
[SourceVersion "1"]
[SourceVersionDate "2021.10.06"]
[SourceQuality "1"]

1. e4 d6 2. d4 Nf6 3. Nc3 g6 4. Nf3 Bg7 5. Be2 0-0 6. 0-0 Bg4 7. h3 Bxf3 8. Bxf3 Nc6 9. Be3 e5 10. dxe5 dxe5 11. Nd5 Nxd5 12. exd5 Nd4 13. c3 Nf5 14. Bc5 Re8 15. Re1 Qd7 16. Qb3 b6 17. Ba3 Rad8 18. Rad1 Nd6 19. Be2 Kh8 20. c4 f5 21. c5 bxc5 22. Bxc5 Rb8 23. Qc2 a5 24. b3 e4 25. Qd2 a4 26. b4 Be5 27. Bd4 Qg7 28. a3 f4 29. Bxe5 Qxe5 30. Qd4 Qxd4 31. Rxd4 Nf5 32. Rc4 Re5 33. Rxc7 Rxd5 34. Bc4 Rd4 35. Be6 Nd6 36. Ra7 Re8 37. Bg4 e3 38. Bf3 Rd2 39. fxe3 fxe3 40. Rxa4 Nf5 41. b5 Nd4 42. Bc6 Re7 43. Ra8+ Kg7 44. Re8 Rxe8 45. Bxe8 Nc2 0-1

[Event "Ascona Seniors op 7th"]
[Site "Ascona"]
[Date "2008.11.09"]
[Round "?"]
[White "Hofer, Friedrich"]
[Black "Held, Hans"]
[Result "1-0"]
[WhiteElo "1914"]
[BlackElo "1750"]
[PlyCount "99"]
[EventDate "2008.11.03"]
[EventType "swiss"]
[EventRounds "9"]
[EventCountry "SUI"]
[SourceTitle "EXT 2022"]
[Source "ChessBase"]
[SourceDate "2021.10.06"]
[SourceVersion "1"]
[SourceVersionDate "2021.10.06"]
[SourceQuality "1"]

1. e4 c5 2. Nf3 Nc6 3. d4 cxd4 4. Nxd4 Nf6 5. Nc3 a6 6. a4 Qc7 7. Be3 e6 8. Be2 Bb4 9. f3 Ne5 10. 0-0 Bxc3 11. bxc3 Qxc3 12. Bf2 Qb4 13. Be1 Qc5 14. Bf2 Qe7 15. Nb3 d6 16. Qd2 0-0 17. Rfd1 Rd8 18. Bc5 Ne8 19. f4 Nc6 20. Ba3 Qc7 21. Qe3 Nf6 22. Bf3 e5 23. Rd2 Be6 24. Rad1 exf4 25. Qxf4 Bxb3 26. cxb3 Qb6+ 27. Kh1 Qxb3 28. Bb2 Qe6 29. Rxd6 Rxd6 30. Rxd6 Qc4 31. h3 Ne8 32. Rd7 b5 33. axb5 axb5 34. Bh5 Nd8 35. Qg5 h6 36. Qd2 Qc8 37. Bg4 Qb8 38. Qd5 Nc7 39. Qh5 Ra6 40. Qh4 Nce6 41. Qe7 Qf4 42. Rxd8+ Nxd8 43. Qxd8+ Kh7 44. Qd3 Rd6 45. Qxb5 Qe3 46. Kh2 Rb6 47. Qf5+ Kg8 48. Qc8+ Kh7 49. Bf5+ Rg6 50. Qc3 1-0

[Event "Zuerich Seniors op 06th"]
[Site "Zuerich"]
[Date "2008.02.05"]
[Round "7"]
[White "Hofer, Friedrich"]
[Black "Mueller, Walter1"]
[Result "1-0"]
[WhiteElo "1791"]
[BlackElo "1672"]
[PlyCount "43"]
[EventDate "2008.01.28"]
[EventType "swiss"]
[EventRounds "9"]
[EventCountry "SUI"]
[SourceTitle "EXT 2022"]
[Source "ChessBase"]
[SourceDate "2021.10.06"]
[SourceVersion "1"]
[SourceVersionDate "2021.10.06"]
[SourceQuality "1"]

1. e4 c5 2. Nf3 Nc6 3. d4 cxd4 4. Nxd4 g6 5. Nc3 Bg7 6. Be3 Nf6 7. Be2 0-0 8. Qd2 d6 9. 0-0-0 Qa5 10. Nb3 Qc7 11. f3 a6 12. g4 Ne5 13. g5 Nh5 14. Nd5 Qd8 15. Bb6 Qd7 16. f4 Nc6 17. Bxh5 gxh5 18. Rhg1 Qh3 19. Rg3 Qh4 20. Rdg1 Kh8 21. Nd4 Bd7 22. Nf6 1-0

[Event "Zuerich Seniors op 05th"]
[Site "Zuerich"]
[Date "2007.??.??"]
[Round "?"]
[White "Hofer, Friedrich"]
[Black "Steiner, Paul"]
[Result "1-0"]
[WhiteElo "1970"]
[BlackElo "2035"]
[PlyCount "51"]
[EventDate "2007.01.22"]
[EventType "swiss"]
[EventRounds "9"]
[EventCountry "SUI"]
[SourceTitle "EXT 2022"]
[Source "ChessBase"]
[SourceDate "2021.10.06"]
[SourceVersion "1"]
[SourceVersionDate "2021.10.06"]
[SourceQuality "1"]

1. e4 c5 2. Nf3 e6 3. d4 cxd4 4. Nxd4 Nf6 5. Nc3 Bb4 6. e5 Nd5 7. Qg4 g6 8. Bd2 Bxc3 9. bxc3 Nc6 10. Nxc6 dxc6 11. c4 Ne7 12. Bd3 Qc7 13. Qg5 Bd7 14. 0-0 0-0-0 15. Qxe7 Qxe5 16. Qa3 Qb8 17. Be3 c5 18. Bg5 Qe5 19. Bxd8 Rxd8 20. Rfe1 Qd6 21. Rad1 Bc6 22. Be2 Qe5 23. Rxd8+ Kxd8 24. Qd3+ Ke7 25. Rd1 Kf6 26. Bf3 1-0

[Event "Ascona Seniors op 6th"]
[Site "Ascona"]
[Date "2007.??.??"]
[Round "?"]
[White "Hofer, Friedrich"]
[Black "Szenetra, Werner"]
[Result "0-1"]
[WhiteElo "1914"]
[BlackElo "2263"]
[PlyCount "62"]
[EventDate "2007.11.05"]
[EventType "swiss"]
[EventRounds "9"]
[EventCountry "SUI"]
[SourceTitle "EXT 2022"]
[Source "ChessBase"]
[SourceDate "2021.10.06"]
[SourceVersion "1"]
[SourceVersionDate "2021.10.06"]
[SourceQuality "1"]

1. e4 d6 2. d4 g6 3. Nc3 Bg7 4. Nf3 Nf6 5. Be2 0-0 6. 0-0 c6 7. a4 a5 8. h3 Na6 9. Be3 Nb4 10. Ne1 e5 11. f3 Nh5 12. Bc4 Qb6 13. Ne2 d5 14. Bb3 exd4 15. Bxd4 Bxd4+ 16. Qxd4 Qxd4+ 17. Nxd4 Ng3 18. c3 Nxf1 19. Kxf1 Na6 20. exd5 Nc5 21. Bc4 cxd5 22. Bxd5 Be6 23. Nxe6 Nxe6 24. b3 Nf4 25. Bc4 Rfd8 26. h4 Rd2 27. g3 Nh5 28. g4 Nf4 29. Rc1 Re8 30. Bb5 Nh3 31. Nd3 Re3 0-1